Stress Relaxation Testing /

Gespeichert in:
Bibliographische Detailangaben
1. Verfasser: Fox, Alfred (Verfasst von)
Format: Buch
Sprache:Englisch
Veröffentlicht: Philadelphia : ASTM, 1979
Schriftenreihe:ASTM Special Technical Publication Vol.676
Tags: Tag hinzufügen
Keine Tags, Fügen Sie das erste Tag hinzu!

MARC

LEADER 00000nam a22000003a 4500
001 stu18424
005 20150617225751.9
008 920324s1979----xxu-----------------eng-d
040 |a STU  |b slo 
041 0 |a eng 
044 |a xxu 
080 |a 620.1 
100 1 |a Fox, Alfred  |4 aut 
245 1 |a Stress Relaxation Testing /  |c [aut.]Fox,Alfred 
260 |a Philadelphia :  |b ASTM,  |c 1979 
300 |a 216 s 
830 0 |a ASTM Special Technical Publication  |v Vol.676 
996 |b C89118  |c C*89118  |l CCVIIIA  |s P  |a 0  |w stu18424_0001 
996 |b C89191  |c C*89191  |l CCXXIVA  |s P  |a 0  |w stu18424_0002